Normal view
MARC view
- J. R. Backhurst, J. H. Harker, J.F. Richardson
Entry Personal Name
001 - CONTROL NUMBER
- control field: 127643
003 - CONTROL NUMBER IDENTIFIER
- control field: NUST
005 - DATE AND TIME OF LATEST TRANSACTION
- control field: 20250117110936.0
008 - FIXED-LENGTH DATA ELEMENTS
- fixed length control field: 250117|| aca||aabn | a|a d
040 ## - CATALOGING SOURCE
- Original cataloging agency: NUST
- Transcribing agency: NUST
100 ## - HEADING--PERSONAL NAME
- Personal name: J. R. Backhurst, J. H. Harker, J.F. Richardson
670 ## - SOURCE DATA FOUND
- Source citation: Work cat.: (NUST)563243: J. R. Backhurst, J. H. Harker, J.F. Richardson, Coulson & Richardson's Chemical Engineering, 2001
